Australian cities multiple choice: Darwin - Statistics

General Stats
  • This quiz has been taken 31 times
  • The average score is 7 of 15
Answer Stats
Question Answer % Correct
Which national capital city is the closest to Darwin? Dili, East Timor
78%
In February 1942, what killed 251 people in Darwin? A Japanese bombing raid
67%
The annual regatta at Mindil beach is for boats made of what? Beer cans
67%
When did Cyclone Tracy destroy the city? Christmas Day 1974
67%
In a scandalous decision in 2015, what did the Australian Government sign over to a Chinese company on a 99-year lease? Port of Darwin
56%
What 3,000km international race begins in Darwin? The World Solar Challenge
56%
What was the first film shot at least partly in Darwin? Walkabout (1971)
56%
What ran between Java and Darwin, beginning in 1871 An undersea telegraphic cable
44%
What is the Darwin Triple Crown? A Supercars Championship race
44%
When did the first train run from Adelaide to Darwin? 2004
33%
After English, what is the most commonly spoken language in Darwin homes? Cantonese
33%
What is the westernmost tip of Darwin? East Point
33%
A Darwin Stubby was a large beer bottle (2,270 ml; 80 imp fl oz; 77 US fl oz), first sold in 1958 and discontinued in 2015. Why was it introduced? To make it more economical to freight beer from Melbourne to Darwin
33%
Where is the Nursing Museum? Charles Darwin University
22%
What is the tallest building in Darwin? Evolution on Gardiner
22%
No matching quizzes found
Score Distribution
Percent of People with Each Score
Percentile by Number Answered
Your Score History
You have not taken this quiz